| 000 | 00484nam a2200181Ia 4500 | ||
|---|---|---|---|
| 999 |
_c29132 _d29132 |
||
| 003 | OSt | ||
| 005 | 20210112102156.0 | ||
| 008 | 190216s9999||||xx |||||||||||||| ||und|| | ||
| 020 | _a9788126415014 | ||
| 040 | _coclc | ||
| 082 |
_a150 _bELA/M |
||
| 100 |
_aElayathu, Krishnan _98228 |
||
| 245 | 0 |
_aManassu / _cKrishnan Elayathu |
|
| 260 |
_bD C Books, _aKottayam: _c2007. |
||
| 300 | _a215p | ||
| 650 | _aPsycology | ||
| 942 |
_cBK _2ddc _h150 _iELA/M _k150 _mELA/M |
||